| 000 | 01218nam a2200337 c 4500 | ||
|---|---|---|---|
| 003 | BLK | ||
| 005 | 20180422105615.0 | ||
| 008 | 180409b bul|||||r ||||||| ||bul|| | ||
| 010 | _aKNG00109703000 | ||
| 020 |
_a954-8067-74-9 _bиздат.: Princeps |
||
| 040 | _aBLK | ||
| 041 |
_aBUL _cBUL |
||
| 080 |
_aОрганизация на здравеопазването. Вж и 178; 340.6; 351.77; 361/362 _b614.2 _x.003(035) _z614.2.003(035) |
||
| 100 | 1 |
_aГладилов, Стефан _eпърви автор _9366577 |
|
| 700 | 1 |
_aДелчева, Евгения _eсъавт. _9304841 |
|
| 139 |
_aГладилов, Стефан и др. _bГ 53 |
||
| 245 | 1 | 0 |
_aИкономика на здравеопазването _cСтефан Гладилов; съавт. Евгения Делчева. |
| 250 | _a3. изд. | ||
| 257 | _aBGR | ||
| 260 |
_аСофия _bPrinceps _c2003 |
||
| 300 |
_a398 с. _c24 см |
||
| 380 | _a61 | ||
| 650 | 4 |
_aЗдравеопазване - икономика _9248653 |
|
| 653 | _aздравеопазване | ||
| 653 | _aикономика | ||
| 852 | _aЦб 217184 | ||
| 856 | 4 |
_qpdf _u |
|
| 856 | 4 |
_qpdf _u |
|
| 942 |
_cKNG _n0 |
||
| 944 |
_aCR _c16.12.2003 _kКети_Илиева |
||
| 944 |
_aED _c30.10.2006 _k |
||
| 999 |
_c104595 _d104595 |
||